000 00579nam a2200181Ia 4500
003 GCL
008 140319s9999 xx 000 0 ara d
040 _aGCL /
_cGCL
082 0 4 _a813.03
_bم خ
100 1 _aمحمد سلماوى
245 1 0 _aالخرز الملون: خمسة ايام فى حياة نسرين حورى: رواية ونائقية /
_cمحمد سلماوى
260 _a[S.N] :
_bدار الفاء العربى ،
_c1991
300 _a183 ص
490 _a
650 0 4 _aالادب العربى
650 0 4 _aالقصص العربية
942 _2ddc
_cBK
999 _c29687
_d29687